00489nam a2200145Ia 4500001000900000003000500009008004100014010001100055040000900066100001700075245014500092260005600237300001000293410004000303Para_382CHAP220125s1926 xx 000 0 und d a199137 cCHAP aAbbott, W.S. aEffectiveness against the San Jose scale of the dry substitutes for liquid lime-sulphur /c by W.S. Abbott, Julian J. Culver and W.J. Morgan aWashington,D.C. :b Department of agriculture, 1926 a27 p. aEUA. Dep. of agric. Bulletin; 1371)